[Event "Sherbrooke op-B"]
[Site "Sherbrooke CAN"]
[Date "2008.05.24"]
[Round "2"]
[White "Duclos, Alain"]
[Black "Courteau, Bernard"]
[Result "1/2-1/2"]
[WhiteElo "1778"]
[BlackElo "1515"]
[PlyCount "91"]
[GameId "2160767910354623"]
[EventDate "2008.05.23"]
[EventType "swiss"]
[EventRounds "5"]
[EventCountry "CAN"]
[SourceTitle "EXT 2011"]
[Source "ChessBase"]
[SourceDate "2011.11.26"]
[SourceVersion "1"]
[SourceVersionDate "2011.11.26"]
[SourceQuality "1"]

1. e4 e6 2. d4 d5 3. Nc3 Nf6 4. Bg5 Be7 5. e5 Nfd7 6. Bxe7 Qxe7 7. f4 a6 8. Nf3 c5 9. dxc5 Qxc5 10. Qd2 Nc6 11. O-O-O b5 12. Ne2 Bb7 13. Ned4 Rc8 14. Nxc6 Bxc6 15. Kb1 O-O 16. Nd4 Qb6 17. Bd3 Kh8 18. Qe3 Nc5 19. g4 Bd7 20. f5 Nxd3 21. Rxd3 b4 22. f6 Rg8 23. fxg7+ Rxg7 24. Qh6 Qc7 25. Qf6 a5 26. Rc1 Qd8 27. Qf4 Qg5 28. Ne2 Bb5 29. Re3 Bxe2 30. Qxg5 Rxg5 31. Rxe2 Rxg4 32. Rf2 Rc7 33. Re1 Kg7 34. b3 h5 35. Re3 Rc3 36. Re1 Re4 37. Rg1+ Kf8 38. Rg5 Rh3 39. Rfg2 Reh4 40. Rg8+ Ke7 41. Ra8 Rg4 42. Rf2 Re3 43. Ra7+ Ke8 44. Rfxf7 Rg1+ 45. Kb2 Ree1 46. Rae7+ 1/2-1/2

[Event "Sherbrooke op-B"]
[Site "Sherbrooke CAN"]
[Date "2008.05.24"]
[Round "2"]
[White "Luo, Zhao Yang"]
[Black "Plante, Marc-Eric"]
[Result "1/2-1/2"]
[WhiteElo "1389"]
[BlackElo "1736"]
[PlyCount "159"]
[GameId "2160767910354624"]
[EventDate "2008.05.23"]
[EventType "swiss"]
[EventRounds "5"]
[EventCountry "CAN"]
[SourceTitle "EXT 2011"]
[Source "ChessBase"]
[SourceDate "2011.11.26"]
[SourceVersion "1"]
[SourceVersionDate "2011.11.26"]
[SourceQuality "1"]

1. e4 c5 2. Nf3 d6 3. d4 cxd4 4. Nxd4 Nf6 5. Nc3 a6 6. Bc4 e6 7. f4 b5 8. Bb3 Be7 9. Qf3 Qc7 10. f5 e5 11. Nde2 Bb7 12. Ng3 Nbd7 13. Nh5 Nxh5 14. Qxh5 O-O 15. O-O Nf6 16. Qe2 b4 17. Nd5 Nxd5 18. exd5 Bxd5 19. Qg4 Kh8 20. Qxb4 Rab8 21. Qg4 Qc5+ 22. Kh1 Rb4 23. Qg3 Bxb3 24. cxb3 Qc2 25. Qc3 Qxc3 26. bxc3 Re4 27. Ba3 Re2 28. Rfd1 Rd8 29. Kg1 Kg8 30. Kf1 Rc2 31. c4 Kf8 32. Rdc1 Rxc1+ 33. Rxc1 Ke8 34. Rd1 Kd7 35. Ke2 Kc6 36. Rd3 g6 37. Rf3 Rd7 38. g4 Bg5 39. Bb4 d5 40. Bd2 Bxd2 41. Kxd2 dxc4+ 42. Kc3 cxb3 43. axb3 Rd4 44. h3 Rf4 45. Re3 gxf5 46. Rxe5 fxg4 47. hxg4 Rxg4 48. Rf5 Rg7 49. Rf6+ Kb7 50. Rh6 f5 51. Rf6 h5 52. Rxf5 Rh7 53. Rf3 h4 54. Rh3 Rh5 55. Kd4 Kb6 56. Kc4 Rc5+ 57. Kb4 Rb5+ 58. Ka4 Rh5 59. Kb4 Kc6 60. Kc4 Kd6 61. Kd4 Ke6 62. Ke4 Rb5 63. Kf4 Kd6 64. Ke4 Kc6 65. Kd4 Rb4+ 66. Kc3 Rg4 67. Kb2 Kb5 68. Ka2 Kb4 69. Kb2 Rg2+ 70. Kb1 Rg3 71. Rxh4+ Kxb3 72. Rh1 a5 73. Ka1 Ka3 74. Kb1 a4 75. Ka1 Rc3 76. Rg1 Kb3 77. Kb1 a3 78. Ka1 a2 79. Rh1 Ka3 80. Rg1 1/2-1/2

[Event "Sherbrooke op-B"]
[Site "Sherbrooke CAN"]
[Date "2008.05.24"]
[Round "2"]
[White "Maheux, Pierre"]
[Black "Salvas, Guy"]
[Result "1-0"]
[WhiteElo "1678"]
[BlackElo "1535"]
[PlyCount "113"]
[GameId "2160767910354625"]
[EventDate "2008.05.23"]
[EventType "swiss"]
[EventRounds "5"]
[EventCountry "CAN"]
[SourceTitle "EXT 2011"]
[Source "ChessBase"]
[SourceDate "2011.11.26"]
[SourceVersion "1"]
[SourceVersionDate "2011.11.26"]
[SourceQuality "1"]

1. e4 e5 2. Nf3 Nc6 3. Bb5 a6 4. Ba4 Bc5 5. c3 b5 6. Bc2 d6 7. h3 h6 8. O-O Nf6 9. d4 exd4 10. cxd4 Bb6 11. Bf4 O-O 12. Nc3 Re8 13. a3 Ne7 14. Qd2 Ng6 15. Bxh6 gxh6 16. Qxh6 Nh7 17. e5 Re7 18. Nd5 Rd7 19. Bf5 Qf8 20. Qxf8+ Kxf8 21. Bxd7 Bxd7 22. exd6 Be6 23. Nxc7 Bxc7 24. dxc7 Nf4 25. Rae1 Bc4 26. Re5 Bxf1 27. Kxf1 Ne6 28. Rh5 Kg7 29. Ne5 Nf6 30. Rf5 Nxc7 31. Rg5+ Kf8 32. Rf5 Ke7 33. g4 Ke6 34. Nxf7 Kxf7 35. g5 Kg6 36. Rxf6+ Kxg5 37. Rc6 Ra7 38. Ke2 Kf4 39. Rf6+ Ke4 40. Rf7 Kxd4 41. h4 Kc5 42. h5 Kb6 43. h6 Ra8 44. f4 Re8+ 45. Kf3 Ne6 46. Kg4 Rg8+ 47. Kf5 Nf8 48. Kf6 Rg6+ 49. Ke7 Re6+ 50. Kxf8 Rxh6 51. Ke7 Kc5 52. f5 Rh2 53. Rf6 a5 54. Ra6 a4 55. f6 Re2+ 56. Re6 Rxb2 57. f7 1-0

[Event "Sherbrooke op-B"]
[Site "Sherbrooke CAN"]
[Date "2008.05.24"]
[Round "2"]
[White "Toussaint, Claude"]
[Black "Furger, Josef"]
[Result "1-0"]
[WhiteElo "1555"]
[BlackElo "1280"]
[PlyCount "127"]
[GameId "2160767910354626"]
[EventDate "2008.05.23"]
[EventType "swiss"]
[EventRounds "5"]
[EventCountry "CAN"]
[SourceTitle "EXT 2011"]
[Source "ChessBase"]
[SourceDate "2011.11.26"]
[SourceVersion "1"]
[SourceVersionDate "2011.11.26"]
[SourceQuality "1"]

1. e4 c5 2. Nf3 d6 3. d4 e6 4. dxc5 Qa5+ 5. Nc3 Qxc5 6. Be3 Qa5 7. Qd2 Bd7 8. O-O-O a6 9. Bc4 b5 10. Bb3 Qc7 11. Rhe1 Nc6 12. Nd4 Na5 13. f4 Nxb3+ 14. Nxb3 Ne7 15. Qxd6 Qxd6 16. Rxd6 Nc8 17. Rd2 Rb8 18. Red1 Rb7 19. Nc5 Bxc5 20. Bxc5 Ne7 21. Bxe7 Kxe7 22. Rd6 Ra8 23. e5 Rc7 24. Ne4 Raa7 25. R6d3 Rc4 26. Rd4 Rac7 27. c3 Rxd4 28. Rxd4 a5 29. Kd2 Rc4 30. Rxc4 bxc4 31. Nc5 Bc6 32. g4 g6 33. Ke3 f5 34. exf6+ Kxf6 35. Kd4 Bd5 36. Nd7+ Ke7 37. Nb6 Kd6 38. Nxc4+ Bxc4 39. Kxc4 g5 40. fxg5 Ke5 41. Kd3 Kf4 42. c4 e5 43. c5 Kf3 44. Kd2 Kf2 45. c6 e4 46. c7 e3+ 47. Kd3 e2 48. c8=Q e1=Q 49. Qf5+ Kg2 50. Qc5 Kxh2 51. Qd6+ Qg3+ 52. Qxg3+ Kxg3 53. a3 Kxg4 54. b4 axb4 55. axb4 Kf5 56. b5 Ke6 57. b6 Kd6 58. Ke4 Kc6 59. Kf5 Kxb6 60. Kf6 Kc7 61. Kg7 Kd7 62. Kxh7 Ke7 63. g6 Kf8 64. g7+ 1-0

[Event "Sherbrooke op-B"]
[Site "Sherbrooke CAN"]
[Date "2008.05.24"]
[Round "2"]
[White "Tremblay, Manuel"]
[Black "Nunez-Painchaud, Raphael"]
[Result "0-1"]
[WhiteElo "1514"]
[BlackElo "1602"]
[PlyCount "60"]
[GameId "2160767910354627"]
[EventDate "2008.05.23"]
[EventType "swiss"]
[EventRounds "5"]
[EventCountry "CAN"]
[SourceTitle "EXT 2011"]
[Source "ChessBase"]
[SourceDate "2011.11.26"]
[SourceVersion "1"]
[SourceVersionDate "2011.11.26"]
[SourceQuality "1"]

1. d4 Nf6 2. c4 e6 3. Nc3 Bb4 4. Qc2 Nc6 5. Nf3 d6 6. Bg5 h6 7. Bh4 g5 8. Bg3 g4 9. d5 exd5 10. cxd5 Nxd5 11. Bh4 Qd7 12. Nd2 Bxc3 13. bxc3 Qf5 14. e4 Qe5 15. Bd3 Ndb4 16. Qb1 Qxc3 17. O-O Qxd3 18. Qb2 Rg8 19. Nb3 Be6 20. Rfe1 Bxb3 21. axb3 Qd4 22. Qe2 Kd7 23. Rad1 Qe5 24. Qc4 Qe6 25. Qc3 Rae8 26. Bg3 f6 27. e5 fxe5 28. Bxe5 Nd5 29. Qg3 Nxe5 30. Re2 Nf3+ 0-1

[Event "Sherbrooke op-B"]
[Site "Sherbrooke CAN"]
[Date "2008.05.24"]
[Round "2"]
[White "Valiquette, Simon"]
[Black "Boyer, Eric"]
[Result "0-1"]
[WhiteElo "1522"]
[BlackElo "1514"]
[PlyCount "70"]
[GameId "2160767910354628"]
[EventDate "2008.05.23"]
[EventType "swiss"]
[EventRounds "5"]
[EventCountry "CAN"]
[SourceTitle "EXT 2011"]
[Source "ChessBase"]
[SourceDate "2011.11.26"]
[SourceVersion "1"]
[SourceVersionDate "2011.11.26"]
[SourceQuality "1"]

1. c4 Nf6 2. Nc3 e6 3. g3 d5 4. Bg2 d4 5. Ne4 Nxe4 6. Bxe4 f5 7. Bg2 Bd6 8. Nf3 c5 9. d3 Nc6 10. O-O O-O 11. a3 Rb8 12. Bd2 a5 13. Rb1 Qc7 14. Ne1 b6 15. Nc2 Bb7 16. b4 axb4 17. axb4 Ne7 18. bxc5 bxc5 19. Ne1 f4 20. Qc1 fxg3 21. hxg3 Nf5 22. Bxb7 Rxb7 23. Rxb7 Qxb7 24. Ng2 Rb8 25. Nf4 Kf7 26. e3 Bxf4 27. exf4 Qf3 28. Qa3 h5 29. Qxc5 h4 30. Qc7+ Kf6 31. Qe5+ Kf7 32. Qc7+ Ne7 33. f5 h3 34. fxe6+ Kg6 35. Qf4 Qg2# 0-1

[Event "Sherbrooke op-B"]
[Site "Sherbrooke CAN"]
[Date "2008.05.24"]
[Round "2"]
[White "Zhang, Zhiyuan"]
[Black "Bolduc, Jacques"]
[Result "1-0"]
[WhiteElo "1567"]
[BlackElo "1404"]
[PlyCount "127"]
[GameId "2160767910354629"]
[EventDate "2008.05.23"]
[EventType "swiss"]
[EventRounds "5"]
[EventCountry "CAN"]
[SourceTitle "EXT 2011"]
[Source "ChessBase"]
[SourceDate "2011.11.26"]
[SourceVersion "1"]
[SourceVersionDate "2011.11.26"]
[SourceQuality "1"]

1. Nf3 c5 2. c4 Nc6 3. Nc3 e6 4. g3 Nf6 5. Bg2 Be7 6. d3 O-O 7. O-O Rb8 8. Bf4 d6 9. Bg5 Bd7 10. Qd2 Re8 11. Bxf6 Bxf6 12. Ne4 Be7 13. d4 cxd4 14. Nxd4 Nxd4 15. Qxd4 Qb6 16. Qxb6 axb6 17. Rad1 d5 18. cxd5 exd5 19. Rxd5 Bc6 20. Rdd1 Bf8 21. Nc3 g6 22. e3 Bg7 23. Bxc6 bxc6 24. Rd6 Bxc3 25. bxc3 c5 26. Rb1 b5 27. Rc6 Re5 28. a4 b4 29. cxb4 cxb4 30. Rc4 b3 31. Rc3 b2 32. Rc2 Ra5 33. Rbxb2 Rxb2 34. Rxb2 Rxa4 35. Kg2 Ra7 36. f4 Kg7 37. e4 f6 38. h3 Re7 39. Kf3 h6 40. Re2 Kf7 41. g4 Kg7 42. h4 Kf7 43. f5 g5 44. h5 Kg7 45. Rd2 Kf7 46. Ke3 Rc7 47. Rd3 Ke7 48. Kd2 Rc4 49. Ke3 Rc7 50. e5 fxe5 51. Rd5 Rc3+ 52. Ke2 Rc6 53. Rxe5+ Kf6 54. Re4 Rd6 55. Ke3 Ra6 56. Re6+ Rxe6+ 57. fxe6 Kxe6 58. Ke4 Kf6 59. Kd5 Ke7 60. Ke5 Kf7 61. Kf5 Kg7 62. Ke6 Kh8 63. Kf6 Kh7 64. Kf7 1-0

[Event "Sherbrooke op-B"]
[Site "Sherbrooke CAN"]
[Date "2008.05.24"]
[Round "3"]
[White "Bolduc, Jacques"]
[Black "Dardoura, Khaled"]
[Result "0-1"]
[WhiteElo "1404"]
[BlackElo "1509"]
[PlyCount "78"]
[GameId "2160767910354630"]
[EventDate "2008.05.23"]
[EventType "swiss"]
[EventRounds "5"]
[EventCountry "CAN"]
[SourceTitle "EXT 2011"]
[Source "ChessBase"]
[SourceDate "2011.11.26"]
[SourceVersion "1"]
[SourceVersionDate "2011.11.26"]
[SourceQuality "1"]

1. d4 d5 2. c4 e6 3. Nc3 c5 4. Bf4 Nc6 5. e3 cxd4 6. exd4 Nf6 7. Nf3 Be7 8. Bd3 Qb6 9. Nb5 Qa5+ 10. Bd2 Qd8 11. O-O a6 12. Nc3 dxc4 13. Bxc4 Nxd4 14. Ne5 O-O 15. Bf4 b5 16. Bd3 Bb7 17. Be3 Nc6 18. Bf4 Rc8 19. Qe2 Qd4 20. Bg3 Nxe5 21. Bxe5 Qg4 22. f3 Qb4 23. Rad1 Nd5 24. Bc2 Bc5+ 25. Kh1 Ne3 26. Rd7 Bc6 27. a3 Qh4 28. Bg3 Qh6 29. Rfd1 Nxc2 30. Qxc2 Bxd7 31. Rxd7 Rfd8 32. Rxd8+ Rxd8 33. h3 Qe3 34. Qb1 Rd2 35. Ne4 Rxb2 36. Qf1 Rc2 37. Kh2 Rc1 38. Qf2 Qxf2 39. Bxf2 Bxf2 0-1

[Event "Sherbrooke op-B"]
[Site "Sherbrooke CAN"]
[Date "2008.05.24"]
[Round "3"]
[White "Boyer, Eric"]
[Black "Duclos, Alain"]
[Result "1-0"]
[WhiteElo "1514"]
[BlackElo "1778"]
[PlyCount "91"]
[GameId "2160767910354631"]
[EventDate "2008.05.23"]
[EventType "swiss"]
[EventRounds "5"]
[EventCountry "CAN"]
[SourceTitle "EXT 2011"]
[Source "ChessBase"]
[SourceDate "2011.11.26"]
[SourceVersion "1"]
[SourceVersionDate "2011.11.26"]
[SourceQuality "1"]

1. d4 Nf6 2. c4 g6 3. Nc3 Bg7 4. e4 d6 5. Nf3 O-O 6. Bd3 Nc6 7. O-O Nd7 8. d5 Nce5 9. Nxe5 Nxe5 10. Be2 a5 11. f4 Nd7 12. Be3 Nc5 13. Bd4 e5 14. dxe6 fxe6 15. Bxg7 Kxg7 16. Qd4+ Kg8 17. e5 Qe7 18. Rad1 dxe5 19. fxe5 Bd7 20. Ne4 Nxe4 21. Qxe4 Bc6 22. Qe3 Qb4 23. Rxf8+ Rxf8 24. Rd2 a4 25. a3 Qa5 26. Bg4 Re8 27. h4 Qb6 28. Qxb6 cxb6 29. Rd6 Kf7 30. Kf2 b5 31. c5 Re7 32. g3 Bd5 33. Ke3 Kg7 34. Kd4 h5 35. Be2 Bc6 36. Bd3 Kf7 37. Be4 Rc7 38. Bxc6 bxc6 39. Kc3 Ke7 40. Kb4 Rc8 41. Ka5 Rf8 42. Rxc6 Rf5 43. Rc7+ Kd8 44. Kb6 Rxe5 45. c6 Re4 46. Rg7 1-0

[Event "Sherbrooke op-B"]
[Site "Sherbrooke CAN"]
[Date "2008.05.24"]
[Round "3"]
[White "Courteau, Bernard"]
[Black "Maheux, Pierre"]
[Result "0-1"]
[WhiteElo "1515"]
[BlackElo "1678"]
[PlyCount "48"]
[GameId "2160767910354632"]
[EventDate "2008.05.23"]
[EventType "swiss"]
[EventRounds "5"]
[EventCountry "CAN"]
[SourceTitle "EXT 2011"]
[Source "ChessBase"]
[SourceDate "2011.11.26"]
[SourceVersion "1"]
[SourceVersionDate "2011.11.26"]
[SourceQuality "1"]

1. d4 c5 2. d5 e5 3. e4 d6 4. Nc3 a6 5. a4 f5 6. f4 Nf6 7. fxe5 dxe5 8. Bg5 Be7 9. Bxf6 Bxf6 10. Bd3 f4 11. Nf3 Bh4+ 12. Kf1 O-O 13. Nxe5 f3 14. Nxf3 Qb6 15. Qd2 c4 16. Bxc4 Bh3 17. Nd1 Rxf3+ 18. Ke2 Bxg2 19. d6+ Kh8 20. Qd5 Nc6 21. c3 Bxh1 22. Qh5 g5 23. d7 Raf8 24. Bf7 Ne5 0-1

[Event "Sherbrooke op-B"]
[Site "Sherbrooke CAN"]
[Date "2008.05.24"]
[Round "3"]
[White "Furger, Josef"]
[Black "Tremblay, Manuel"]
[Result "0-1"]
[WhiteElo "1280"]
[BlackElo "1514"]
[PlyCount "80"]
[GameId "2160767910354633"]
[EventDate "2008.05.23"]
[EventType "swiss"]
[EventRounds "5"]
[EventCountry "CAN"]
[SourceTitle "EXT 2011"]
[Source "ChessBase"]
[SourceDate "2011.11.26"]
[SourceVersion "1"]
[SourceVersionDate "2011.11.26"]
[SourceQuality "1"]

1. f4 d5 2. Nf3 Nf6 3. d4 Bf5 4. e3 Nbd7 5. Bd3 Be4 6. O-O e6 7. a3 c5 8. Nbd2 Bxd3 9. cxd3 Rc8 10. Ne5 cxd4 11. exd4 Bd6 12. Nb3 O-O 13. Bd2 Ne8 14. Bc3 f6 15. Ng4 Nc7 16. Qf3 Nb5 17. Rac1 Re8 18. Bb4 Bxb4 19. axb4 Qe7 20. Rxc8 Rxc8 21. Qe2 Nf8 22. Qd2 b6 23. Rc1 Rxc1+ 24. Qxc1 Qxb4 25. Qd1 Nxd4 26. Nxd4 Qxd4+ 27. Kh1 Qxb2 28. Ne3 Qd4 29. Qe2 Qxf4 30. g3 Qb8 31. d4 b5 32. g4 b4 33. g5 fxg5 34. Nd1 a5 35. Nb2 Qf4 36. h3 Qxd4 37. Nd3 b3 38. h4 Qxh4+ 39. Kg2 a4 40. Qe5 Qc4 0-1

[Event "Sherbrooke op-B"]
[Site "Sherbrooke CAN"]
[Date "2008.05.24"]
[Round "3"]
[White "Gerard, Patrice"]
[Black "Zhang, Zhiyuan"]
[Result "0-1"]
[WhiteElo "1625"]
[BlackElo "1567"]
[PlyCount "88"]
[GameId "2160767910354634"]
[EventDate "2008.05.23"]
[EventType "swiss"]
[EventRounds "5"]
[EventCountry "CAN"]
[SourceTitle "EXT 2011"]
[Source "ChessBase"]
[SourceDate "2011.11.26"]
[SourceVersion "1"]
[SourceVersionDate "2011.11.26"]
[SourceQuality "1"]

1. e4 e6 2. d4 d5 3. Nc3 dxe4 4. Nxe4 Be7 5. Bd3 b6 6. Nf3 Bb7 7. O-O Nf6 8. Re1 Nxe4 9. Bxe4 Bxe4 10. Rxe4 O-O 11. c3 Nd7 12. Qc2 Nf6 13. Re2 c5 14. Bg5 cxd4 15. Nxd4 Qd5 16. Nf3 h6 17. Re5 Qb7 18. Bh4 Nd7 19. Re4 Nc5 20. Rg4 Bxh4 21. Nxh4 Rfd8 22. Rd1 Qe7 23. Re1 Qf6 24. Re3 Rd5 25. Nf3 Rad8 26. Rd4 R8d6 27. Rxd5 Rxd5 28. c4 Rd6 29. b4 Nb7 30. h3 Qe7 31. Qc3 Qc7 32. Nd4 Qd7 33. Nf3 Rd1+ 34. Re1 Rxe1+ 35. Nxe1 Qd1 36. Kh2 Qe2 37. Nd3 Qxa2 38. c5 bxc5 39. bxc5 Qa6 40. c6 Nd6 41. Ne5 f6 42. Nd3 Qc8 43. f3 Qc7 44. Nb4 Ne4+ 0-1

[Event "Sherbrooke op-B"]
[Site "Sherbrooke CAN"]
[Date "2008.05.24"]
[Round "3"]
[White "Nunez-Painchaud, Raphael"]
[Black "Luo, Zhao Yang"]
[Result "1-0"]
[WhiteElo "1602"]
[BlackElo "1389"]
[PlyCount "113"]
[GameId "2160767910354635"]
[EventDate "2008.05.23"]
[EventType "swiss"]
[EventRounds "5"]
[EventCountry "CAN"]
[SourceTitle "EXT 2011"]
[Source "ChessBase"]
[SourceDate "2011.11.26"]
[SourceVersion "1"]
[SourceVersionDate "2011.11.26"]
[SourceQuality "1"]

1. c4 c6 2. Nf3 d5 3. b3 Bf5 4. Bb2 Nf6 5. g3 e6 6. Bg2 Bc5 7. cxd5 cxd5 8. O-O Nc6 9. d3 O-O 10. Nbd2 Rc8 11. Rc1 Bb6 12. h3 Re8 13. Nh4 Bg6 14. Nxg6 hxg6 15. a3 Qd6 16. Nf3 Nd7 17. Kh2 Nf6 18. Qd2 Na5 19. Rxc8 Rxc8 20. b4 Nc6 21. Rc1 Bxf2 22. Be5 Qe7 23. e3 Nd7 24. Ba1 Bxg3+ 25. Kxg3 Qd6+ 26. Kf2 a6 27. a4 Rd8 28. b5 axb5 29. axb5 Na7 30. Qa5 Nc5 31. Qc3 d4 32. Qxc5 dxe3+ 33. Kxe3 Nxb5 34. Qe5 Qb6+ 35. Ke2 f6 36. Qe3 Qa6 37. Nd2 Qa3 38. Qxe6+ Kh7 39. Qc4 Nd6 40. Qh4+ Kg8 41. Bd5+ Nf7 42. Bxf7+ Kxf7 43. Rc7+ Kg8 44. Qc4+ Kh8 45. Bxf6 Re8+ 46. Kf3 Qf8 47. Qh4+ Kg8 48. Rxg7+ Qxg7 49. Bxg7 Kxg7 50. Ne4 Rf8+ 51. Ke3 Rh8 52. Qf6+ Kg8 53. Ng5 Rh7 54. Qd8+ Kg7 55. Qe7+ Kg8 56. Qxh7+ Kf8 57. Qf7# 1-0

[Event "Sherbrooke op-B"]
[Site "Sherbrooke CAN"]
[Date "2008.05.24"]
[Round "3"]
[White "Plante, Marc-Eric"]
[Black "Toussaint, Claude"]
[Result "1-0"]
[WhiteElo "1736"]
[BlackElo "1555"]
[PlyCount "97"]
[GameId "2160767910354636"]
[EventDate "2008.05.23"]
[EventType "swiss"]
[EventRounds "5"]
[EventCountry "CAN"]
[SourceTitle "EXT 2011"]
[Source "ChessBase"]
[SourceDate "2011.11.26"]
[SourceVersion "1"]
[SourceVersionDate "2011.11.26"]
[SourceQuality "1"]

1. e4 e6 2. d4 d5 3. Nc3 Nf6 4. e5 Nfd7 5. f4 c5 6. Nf3 Nc6 7. Be3 cxd4 8. Nxd4 Bc5 9. Qd2 O-O 10. O-O-O a6 11. h4 Nxd4 12. Bxd4 b5 13. Qe3 Qc7 14. Bxc5 Nxc5 15. Ne2 Bb7 16. Nd4 Rac8 17. Bd3 Nxd3+ 18. Qxd3 Qc4 19. Kb1 Qxd3 20. cxd3 b4 21. Rc1 Rfe8 22. Rxc8 Rxc8 23. Rc1 Rb8 24. g3 a5 25. Nb3 Ba6 26. Nc5 Bb5 27. d4 a4 28. Nb7 Bd3+ 29. Ka1 Bc4 30. Nd6 Ba6 31. Rc7 f6 32. Re7 fxe5 33. fxe5 Rf8 34. Re8 Rxe8 35. Nxe8 Kf7 36. Nd6+ Ke7 37. Kb1 h5 38. Kc2 g6 39. a3 bxa3 40. bxa3 Kd7 41. Kc3 Be2 42. Kb4 Bd1 43. Nb5 Kc6 44. Nc3 Bb3 45. Nxa4 Bxa4 46. Kxa4 Kb6 47. Kb4 Kc7 48. Kc5 Kd7 49. a4 1-0

[Event "Sherbrooke op-B"]
[Site "Sherbrooke CAN"]
[Date "2008.05.24"]
[Round "3"]
[White "Salvas, Guy"]
[Black "Valiquette, Simon"]
[Result "0-1"]
[WhiteElo "1535"]
[BlackElo "1522"]
[PlyCount "96"]
[GameId "2160767910354637"]
[EventDate "2008.05.23"]
[EventType "swiss"]
[EventRounds "5"]
[EventCountry "CAN"]
[SourceTitle "EXT 2011"]
[Source "ChessBase"]
[SourceDate "2011.11.26"]
[SourceVersion "1"]
[SourceVersionDate "2011.11.26"]
[SourceQuality "1"]

1. e4 c5 2. Nf3 e6 3. d4 cxd4 4. Nxd4 Nf6 5. Nc3 Nc6 6. Be3 Bb4 7. Bd3 Qa5 8. Nde2 d5 9. exd5 Nxd5 10. Bd2 O-O 11. a3 Nxc3 12. Nxc3 Qe5+ 13. Qe2 Bd6 14. Qxe5 Nxe5 15. Be2 Bd7 16. Ne4 Be7 17. Bc3 Bc6 18. f3 Ng4 19. O-O-O Bxe4 20. fxg4 Bg5+ 21. Kb1 Bxg2 22. Rhg1 Bd5 23. Bd3 Rfd8 24. Bd2 Bxd2 25. Rxd2 Rd6 26. Rf1 Rad8 27. Rdf2 f6 28. h4 a6 29. Re1 b5 30. Kc1 Bc4 31. Bxc4 bxc4 32. Rf4 Rc6 33. Rd1 Rxd1+ 34. Kxd1 e5 35. Re4 Kf7 36. c3 Ke6 37. Kc2 g6 38. Re2 f5 39. gxf5+ gxf5 40. Rg2 Kf6 41. h5 f4 42. Kd2 e4 43. Rg8 Kf5 44. Rf8+ Kg4 45. Ke2 Rb6 46. Rh8 Rxb2+ 47. Ke1 Kf3 48. Rxh7 e3 0-1

[Event "Sherbrooke op-B"]
[Site "Sherbrooke CAN"]
[Date "2008.05.25"]
[Round "4"]
[White "Courteau, Bernard"]
[Black "Gerard, Patrice"]
[Result "0-1"]
[WhiteElo "1515"]
[BlackElo "1625"]
[PlyCount "66"]
[GameId "2160767910354639"]
[EventDate "2008.05.23"]
[EventType "swiss"]
[EventRounds "5"]
[EventCountry "CAN"]
[SourceTitle "EXT 2011"]
[Source "ChessBase"]
[SourceDate "2011.11.26"]
[SourceVersion "1"]
[SourceVersionDate "2011.11.26"]
[SourceQuality "1"]

1. d4 Nf6 2. c4 g6 3. Nc3 Bg7 4. e4 d6 5. f3 O-O 6. Be3 a5 7. Bd3 e5 8. d5 b6 9. Nge2 Na6 10. Rc1 Nh5 11. g4 Qf6 12. Ng3 Nf4 13. Bf1 Bh6 14. Rg1 Kh8 15. Rc2 Qg5 16. Kd2 Nb4 17. Rc1 Qh4 18. Be2 Nh3 19. Rf1 Bxe3+ 20. Kxe3 Qg5+ 21. f4 exf4+ 22. Kf3 Qe5 23. Kg2 fxg3 24. Kxh3 gxh2 25. Rh1 f5 26. Rxh2 fxg4+ 27. Bxg4 Bxg4+ 28. Qxg4 Nd3 29. Rch1 Nf2+ 30. Rxf2 Rxf2 31. Ne2 Raf8 32. Ng3 Qf4 33. Qd1 Qh6+ 0-1

[Event "Sherbrooke op-B"]
[Site "Sherbrooke CAN"]
[Date "2008.05.25"]
[Round "4"]
[White "Duclos, Alain"]
[Black "Dardoura, Khaled"]
[Result "1-0"]
[WhiteElo "1778"]
[BlackElo "1509"]
[PlyCount "97"]
[GameId "2160767910354640"]
[EventDate "2008.05.23"]
[EventType "swiss"]
[EventRounds "5"]
[EventCountry "CAN"]
[SourceTitle "EXT 2011"]
[Source "ChessBase"]
[SourceDate "2011.11.26"]
[SourceVersion "1"]
[SourceVersionDate "2011.11.26"]
[SourceQuality "1"]

1. e4 e6 2. d4 d5 3. Nc3 Bb4 4. e5 Ne7 5. a3 Bxc3+ 6. bxc3 c5 7. Qg4 O-O 8. Bd3 c4 9. Be2 Qa5 10. Bd2 f6 11. Nf3 Nbc6 12. exf6 Rxf6 13. Ne5 Nxe5 14. dxe5 Rf5 15. f4 Qb6 16. h4 h5 17. Qg3 Qb2 18. Rc1 Qxa3 19. O-O Qa4 20. Be3 Qe8 21. Bc5 Ng6 22. Kh2 Qf7 23. Be3 Kh7 24. Rf3 Qe7 25. Kh3 a5 26. Qf2 Bd7 27. Bc5 Qf7 28. g3 Bc6 29. Qd4 Rf8 30. Bxf8 Qxf8 31. Rcf1 Qd8 32. Bxc4 Rf8 33. Bd3 Kh6 34. f5 exf5 35. Bxf5 Rxf5 36. Rxf5 Bd7 37. Qe3+ Kh7 38. e6 Qe7 39. Rxh5+ Kg8 40. Re1 Bc8 41. Rxd5 Nf8 42. Rxa5 Bxe6+ 43. Kh2 Qf6 44. Ra8 Kh7 45. Rxf8 Qxf8 46. Qxe6 Qf2+ 47. Kh3 Qf8 48. h5 Qf3 49. Qe4+ 1-0

[Event "Sherbrooke op-B"]
[Site "Sherbrooke CAN"]
[Date "2008.05.25"]
[Round "4"]
[White "Luo, Zhao Yang"]
[Black "Tremblay, Manuel"]
[Result "1/2-1/2"]
[WhiteElo "1389"]
[BlackElo "1514"]
[PlyCount "173"]
[GameId "2160767910354641"]
[EventDate "2008.05.23"]
[EventType "swiss"]
[EventRounds "5"]
[EventCountry "CAN"]
[SourceTitle "EXT 2011"]
[Source "ChessBase"]
[SourceDate "2011.11.26"]
[SourceVersion "1"]
[SourceVersionDate "2011.11.26"]
[SourceQuality "1"]

1. e4 c6 2. d4 d5 3. Nc3 dxe4 4. Nxe4 Bf5 5. Ng3 Bg6 6. h4 h6 7. Nf3 Nd7 8. Bc4 e6 9. Bf4 Ngf6 10. Qe2 Nd5 11. Bxd5 cxd5 12. c3 Be7 13. h5 Bh7 14. Ne5 Nxe5 15. Bxe5 Bf6 16. Bxf6 Qxf6 17. Qb5+ Ke7 18. Qxb7+ Kd6 19. Qb4+ Kc7 20. Qa5+ Kd7 21. O-O Qd8 22. Qb5+ Ke7 23. Qe2 Re8 24. Qe5 Kf8 25. Rfe1 Kg8 26. Qf4 Qd7 27. Nf1 Rab8 28. b3 Rec8 29. Rac1 Rb7 30. Re3 Qe7 31. Rg3 Kh8 32. Qg4 Rg8 33. b4 Qc7 34. a3 Bf5 35. Qf3 a5 36. Qe3 Qb6 37. Qf4 Rc8 38. Ne3 Be4 39. Ng4 Rg8 40. Nxh6 Qc7 41. Qxc7 Rxc7 42. Nxg8 Kxg8 43. Re3 Kh7 44. c4 axb4 45. axb4 Kh6 46. f3 Bh7 47. g4 dxc4 48. Rec3 Bd3 49. Ra3 Rd7 50. Kf2 Rxd4 51. Ra7 f6 52. b5 Rd6 53. Ra6 Rd5 54. b6 Rb5 55. Ke3 e5 56. Rca1 Rb2 57. R1a2 Rb1 58. Kd2 e4 59. fxe4 Bxe4 60. Kc3 Bd3 61. Rb2 Rc1+ 62. Kd4 c3 63. b7 cxb2 64. b8=Q b1=Q 65. Qh8+ Bh7 66. Rxf6+ gxf6 67. Qxf6+ Bg6 68. g5+ Kxh5 69. Qf3+ Kxg5 70. Qg3+ Kf6 71. Qe5+ Kf7 72. Qd5+ Kg7 73. Qe5+ Kh6 74. Qf4+ Kh5 75. Qh2+ Kg4 76. Qg2+ Kf5 77. Qh3+ Kf6 78. Qh4+ Ke6 79. Qh3+ Kd6 80. Qg3+ Kc6 81. Qg2+ Kb5 82. Qb7+ Ka4 83. Qa6+ Kb3 84. Qb6+ Ka2 85. Qa5+ Kb2 86. Qb4+ Ka1 87. Qa3+ 1/2-1/2